ការសិក្សាអនុផលព្រៃឈើ Non-wood forest product (Record no. 9163)
[ view plain ]
| 000 -LEADER | |
|---|---|
| fixed length control field | 00316nam a22001217a 4500 |
| 040 ## - CATALOGING SOURCE | |
| Transcribing agency | HS |
| 082 ## - DEWEY DECIMAL CLASSIFICATION NUMBER | |
| Classification number | 382 |
| 100 ## - MAIN ENTRY--AUTHOR NAME | |
| Personal name | សំ វិទូ |
| 245 ## - TITLE STATEMENT | |
| Title | ការសិក្សាអនុផលព្រៃឈើ Non-wood forest product |
| 260 ## - PUBLICATION, DISTRIBUTION, ETC. (IMPRINT) | |
| Place of publication | RUA |
| Name of publisher | សំ វិទូ |
| Year of publication | 1998 |
| 300 ## - PHYSICAL DESCRIPTION | |
| Number of Pages | 50p; |
| 942 ## - ADDED ENTRY ELEMENTS (KOHA) | |
| Koha item type | សៀវភៅភាសាខ្មែរ |
| 952 ## - LOCATION AND ITEM INFORMATION (KOHA) | |
| Withdrawn status [LOCAL, KOHA] | 0 |
| 952 ## - LOCATION AND ITEM INFORMATION (KOHA) | |
| Withdrawn status [LOCAL, KOHA] | 0 |
| Permanent Location | Date acquired | Koha item type | Lost status | Shelving location | Barcode | Current Location | Full call number |
|---|---|---|---|---|---|---|---|
| Library Block C | 2016-08-25 | សៀវភៅភាសាខ្មែរ | C191 | RUA42077 | Library Block C | 382 សំ 1998 C191 | |
| Library Block C | 2016-08-30 | សៀវភៅភាសាខ្មែរ | C191 | RUA042837 | Library Block C | 382 សំ 1998 C191 |